The Restorative Practices Handbook for Teachers, Disciplinarians and Administrators (Record no. 24646)

MARC details
000 -LEADER
fixed length control field 00716nam a22002177a 4500
003 - CONTROL NUMBER IDENTIFIER
control field OSt
005 - DATE AND TIME OF LATEST TRANSACTION
control field 20260617161320.0
008 - FIXED-LENGTH DATA ELEMENTS--GENERAL INFORMATION
fixed length control field 260617b |||||||| |||| 00| 0 eng d
020 ## - INTERNATIONAL STANDARD BOOK NUMBER
International Standard Book Number 9781934355022
040 ## - CATALOGING SOURCE
Transcribing agency Chuka University library
050 ## - LIBRARY OF CONGRESS CALL NUMBER
Classification number LB 3011 .C73 2009
100 ## - MAIN ENTRY--PERSONAL NAME
Personal name Costello, Bob
9 (RLIN) 29903
245 ## - TITLE STATEMENT
Title The Restorative Practices Handbook for Teachers, Disciplinarians and Administrators
260 ## - PUBLICATION, DISTRIBUTION, ETC.
Place of publication, distribution, etc. Bethlehem
Name of publisher, distributor, etc. International Institute For Restorative Practices
Date of publication, distribution, etc. 2009
300 ## - PHYSICAL DESCRIPTION
Extent 111p
650 ## - SUBJECT ADDED ENTRY--TOPICAL TERM
Topical term or geographic name entry element School discipline
9 (RLIN) 17195
650 ## - SUBJECT ADDED ENTRY--TOPICAL TERM
Topical term or geographic name entry element Classroom management
9 (RLIN) 11400
650 ## - SUBJECT ADDED ENTRY--TOPICAL TERM
Topical term or geographic name entry element Restorative justice
9 (RLIN) 29904
700 ## - ADDED ENTRY--PERSONAL NAME
Personal name Joshua Wachtel & Ted Wachtel
9 (RLIN) 29905
942 ## - ADDED ENTRY ELEMENTS (KOHA)
Source of classification or shelving scheme Library of Congress Classification
Koha item type Long Loan Books
Suppress in OPAC No
Holdings
Withdrawn status Lost status Source of classification or shelving scheme Damaged status Not for loan Collection Home library Current library Shelving location Date acquired Source of acquisition Cost, normal purchase price Total Checkouts Full call number Barcode Date last seen Price effective from Koha item type
    Library of Congress Classification     General Collection Books Main Campus Library Main Campus Library General Stacks 17/06/2026 Donation from Books for Africa 1574.23   LB 3011 .C73 2009 35179/2026 17/06/2026 17/06/2026 Long Loan Books

Powered by Koha